• 首页
  • 本馆介绍
  • 公告通知
  • 最新文献
  • 馆藏检索
  • 电子资源
  • 读者导购
  • 参考咨询
  • 我的图书馆
  • 登录
  • 详细信息显示
  • 放入我的书架
  • 预约/预借图书
  • 作者相关作品
  • 分类相关作品
  • 丛书相关作品
  • 出版社相关作品

书目信息

  • 表格格式
  • 工作单格式
  • 卡片格式
题名:
环境学概论
    
 
作者: 曲向荣 主编
分册:  
出版信息: 北京   北京大学出版社  2009.80
页数: 171页
开本: 20cm
丛书名:
单 册:
中图分类: X43
科图分类:
主题词: 自然灾害 , 自然灾害--防治
电子资源:
ISBN: 978-7-301-15332-1
000 00591nam0 2200193 450
001 202411139834626657
005 20241115110944.01
010    @a978-7-301-15332-1@dCNY22.00
100    @a20241113d km y0chiy0120 ea
101 0  @achi
200 1  @a环境学概论@AHuan Jing Xue Gai Lun@f曲向荣主编@FQu Xiang Rong Zhu Bian
210    @a北京@c北京大学出版社@d2009.80
215    @a171页@d20cm
606 0  @a自然灾害
606 0  @a自然灾害@x防治
690    @aX43@v4
701  0 @a曲向荣@AQu Xiang Rong@4主编
801  0 @aCN@b大连网信软件有限公司图书馆·11@c20241115
905    @aZUCC@b1428889@dX43@e281@f1
    
    环境学概论/曲向荣主编.-北京:北京大学出版社,2009.80
    171页;20cm
    
    
    ISBN 978-7-301-15332-1:CNY22.00
    
●
相关链接 在E读中查询图书 在五车中查询图书 在当当中查询图书 在豆瓣中查询图书


正题名:环境学概论     索取号:X43/281         预约/预借

序号 登录号 条形码 馆藏地/架位号 状态 备注
1 1428889   214288894   密集书库-资源管理系/ [索取号:X43/281] 在馆    
唐山师范学院图书馆 欢迎您!
大连网信软件有限公司© 版权所有